000 00512 a2200157 4500
005 20250425130045.0
020 _a0-07-304973-5
082 _a657.48 WIL
100 _aWILD, J. J.
245 _aFinancial and Managerial Accounting: Information for Decisions
260 _aNew York,
_bMcGraw-Hill,
_c2005.
300 _axxx, 489p.: ill.; picture, table.
_bGlossary, index.
_c28cm.
700 _aLARSON, K. D. & CHIAPPETTA, B.
856 _yAccess online book
_fManagerial Accounting
_dwww.mhhe.com
942 _2ddc
_cBKS
999 _c1663
_d1663